00580nam a22001812 4500001001100000005001700011008004100028020001700069040001500086245013000101250001300231260003100244300001900275600003000294650003500324700003600359852000300395000002445920151217152302.0131217s xx 000 0 eng d a0199588817 : aKABUcKABU10aFrom bilateralism to community interest :bessays in honour of Judge Bruno Simma /cedited by Ulrich Fastenrath ... [et al.]. a1st ed. aOxford :bO. U. P.,c2011. axxvi, 1346 p.10aSimma, Bruno.@0000184594 0aInternational law.@00001586961 aFastenrath, Ulrich.@00001845951